|
|
|
|
| LEADER |
00000naa a2200000 ar4500 |
| 001 |
vtls008940181 |
| 003 |
SK-MaSNL |
| 005 |
20260302100445.0 |
| 008 |
070129c1961 xo |r||||||||||00 b|slo |
| 015 |
|
|
|a SNBRA2007/01
|2 snkbucl
|
| 038 |
|
|
|a SNKBUCL
|
| 040 |
|
|
|a SNKBUCL
|b slo
|c SNKBUCL
|e AACR2
|
| 041 |
0 |
|
|a slo
|
| 044 |
|
|
|a xo
|c SK
|
| 080 |
|
|
|a 82:929:821.162.4
|2 2001
|
| 080 |
|
|
|a 929:821.162.4
|2 2001
|
| 080 |
|
|
|a 821.162.4
|2 2001
|
| 080 |
|
|
|a 929 Kráľ, Fraňo
|2 2001
|
| 100 |
1 |
|
|a Kráľ, Fraňo,
|d 1903-1955
|4 aut
|9 25061
|
| 245 |
1 |
0 |
|a Záznamy o sociálnych pomeroch v rodinách žiakov a iné dokumenty z učiteľskej činnosti
|c Fraňo Kráľ
|
| 300 |
|
|
|b Fotogr.
|
| 600 |
1 |
7 |
|a Kráľ, Fraňo,
|d 1903-1955
|2 snkbucl
|9 25061
|
| 650 |
0 |
7 |
|a učiteľstvo
|2 snkbucl
|9 585576
|
| 655 |
|
7 |
|a dokumenty
|2 snkbucl
|9 70482
|
| 773 |
0 |
|
|t Fraňo Kráľ učiteľom
|d Bratislava : Slovenské pedagogické nakladateľstvo, 1961
|g S. 103-112
|
| 852 |
|
|
|a SNK
|b KIS3GCP
|
| 958 |
|
|
|a NB
|
| 958 |
|
|
|a LX
|
| 958 |
|
|
|a BX
|
| 999 |
|
|
|c 1220149
|d 1222079
|